[Event "ISR-ch (Women)"]
[Site "Arad"]
[Date "2022.12.12"]
[Round "8"]
[White "Orian, Noga"]
[Black "Ovechkin, Lilia"]
[Result "0-1"]
[WhiteElo "1949"]
[BlackElo "1680"]
[PlyCount "92"]
[EventDate "2022.12.05"]
[EventType "tourn"]
[EventRounds "9"]
[EventCountry "ISR"]
[SourceTitle "CBM 211 Extra"]
[Source "ChessBase"]
[SourceDate "2023.01.31"]
[SourceVersion "1"]
[SourceVersionDate "2023.01.31"]
[SourceQuality "1"]

1. d4 b6 2. c4 Bb7 3. Nc3 e6 4. e4 d6 5. Nf3 g6 6. Bg5 Be7 7. Bf4 Nf6 8. Bd3 0-0 9. Qd2 d5 10. cxd5 exd5 11. e5 Ne4 12. Qe3 Nxc3 13. bxc3 Ba6 14. h4 Bxd3 15. Qxd3 Re8 16. Kd2 Nd7 17. Rh3 Nf8 18. Bh6 c5 19. h5 cxd4 20. cxd4 Bb4+ 21. Ke2 Rc8 22. Rah1 Qd7 23. hxg6 hxg6 24. a3 Rc3 25. Bxf8 Kxf8 26. Rh8+ Ke7 27. Rxe8+ Qxe8 28. Qa6 Rxa3 29. Qb7+ Qd7 30. Qxd7+ Kxd7 31. Rh7 Ke8 32. Ng5 Ra2+ 33. Kf3 Be1 34. Rh8+ Ke7 35. Nh7 Rxf2+ 36. Ke3 Rxg2 37. Nf6 Ke6 38. Re8+ Kf5 39. Nxd5 Rg3+ 40. Ke2 Bc3 41. Nxc3 Rxc3 42. d5 Rc5 43. d6 Rd5 44. Re7 a5 45. Ke3 f6 46. exf6 Kxf6 0-1

[Event "ISR-ch (Women)"]
[Site "Arad"]
[Date "2022.12.07"]
[Round "3"]
[White "Kluchik, Julia"]
[Black "Ovechkin, Lilia"]
[Result "1/2-1/2"]
[WhiteElo "1887"]
[BlackElo "1680"]
[PlyCount "110"]
[EventDate "2022.12.05"]
[EventType "tourn"]
[EventRounds "9"]
[EventCountry "ISR"]
[SourceTitle "CBM 211 Extra"]
[Source "ChessBase"]
[SourceDate "2023.01.31"]
[SourceVersion "1"]
[SourceVersionDate "2023.01.31"]
[SourceQuality "1"]

1. e4 g6 2. d4 Bg7 3. Nc3 d6 4. Be3 a6 5. Qd2 b5 6. Bd3 Bb7 7. Nge2 Nd7 8. a4 c6 9. 0-0 b4 10. Nd1 c5 11. c3 cxd4 12. cxd4 a5 13. f4 Ngf6 14. Nf2 0-0 15. Rac1 Rc8 16. Ng3 Rxc1 17. Rxc1 Qa8 18. Rc7 Rc8 19. Qc2 Qb8 20. Rxc8+ Qxc8 21. Qxc8+ Bxc8 22. Nf1 Nb6 23. b3 d5 24. e5 Ng4 25. Bd2 Nxf2 26. Kxf2 Kf8 27. Ne3 f5 28. h3 h5 29. g4 hxg4 30. hxg4 e6 31. Kg3 Bd7 32. Be1 Be8 33. Kf3 Bc6 34. Bh4 Ke8 35. Ng2 Bf8 36. Ne1 Kd7 37. Be2 Be7 38. Bxe7 Kxe7 39. Nd3 Nd7 40. Ke3 Kf7 41. gxf5 gxf5 42. Bh5+ Ke7 43. Nc5 Nb8 44. Be2 Nd7 45. Na6 Nb6 46. Kf2 Bb7 47. Nc5 Bc6 48. Ba6 Nd7 49. Ke3 Nxc5 50. dxc5 Kd7 51. Kd4 Kc7 52. Bd3 Kd7 53. Ke3 Ke7 54. Be2 Kd7 55. Kd2 Ke7 1/2-1/2

[Event "ISR-ch (Women)"]
[Site "Arad"]
[Date "2022.12.06"]
[Round "2"]
[White "Ovechkin, Lilia"]
[Black "Kochavi, Dana"]
[Result "1/2-1/2"]
[WhiteElo "1680"]
[BlackElo "2011"]
[PlyCount "154"]
[EventDate "2022.12.05"]
[EventType "tourn"]
[EventRounds "9"]
[EventCountry "ISR"]
[SourceTitle "CBM 211 Extra"]
[Source "ChessBase"]
[SourceDate "2023.01.31"]
[SourceVersion "1"]
[SourceVersionDate "2023.01.31"]
[SourceQuality "1"]

1. d4 Nf6 2. Bg5 d5 3. Nd2 c5 4. e3 cxd4 5. exd4 Nc6 6. Ngf3 Bf5 7. c3 e6 8. Nh4 Bg6 9. Nxg6 hxg6 10. Bd3 Bd6 11. Nf3 Qc7 12. Bxf6 gxf6 13. g3 a6 14. 0-0 0-0 15. Qc2 Kg7 16. Nh4 Rh8 17. f4 Rac8 18. Qf2 f5 19. Rae1 b5 20. a3 Na5 21. Nf3 Nc4 22. Ne5 Be7 23. Qe2 Nxe5 24. Qxe5+ Qxe5 25. Rxe5 Rc7 26. Rfe1 Rb8 27. R5e2 a5 28. Rc2 b4 29. axb4 axb4 30. Rec1 bxc3 31. bxc3 Rb3 32. Kf2 Ba3 33. Rd1 Rcxc3 34. Rxc3 Rxc3 35. Ke2 Rb3 36. Rb1 Bb2 37. Bc2 Rb4 38. Bd3 Kf8 39. Kd2 Rb6 40. Ke3 Ke7 41. Bc2 Rb4 42. Rd1 Kd6 43. Rd3 Kc6 44. Rd1 Kb6 45. Rd3 Kb5 46. Bd1 Bc1+ 47. Kf2 Rb2+ 48. Be2 Kb4 49. Ke1 Rb1 50. Kf2 Bb2 51. Bd1 Bc3 52. Be2 Rc1 53. Kf3 Rh1 54. Kg2 Ra1 55. Kf3 Ra3 56. Kf2 Bb2 57. Rxa3 Kxa3 58. Ke3 Kb4 59. Kd3 Bc1 60. Bd1 g5 61. fxg5 Bxg5 62. Bh5 f6 63. Bf7 e5 64. dxe5 fxe5 65. Bxd5 Kc5 66. Be6 f4 67. gxf4 Bxf4 68. h4 Kd6 69. Bf7 Ke7 70. Bd5 Kf6 71. Ke4 Bg3 72. h5 Bf4 73. Bc6 Kg5 74. Be8 Kh6 75. Kf5 Bh2 76. Bg6 Bf4 77. Be8 Bg3 1/2-1/2

[Event "ISR-ch (Women)"]
[Site "Arad"]
[Date "2022.12.05"]
[Round "1"]
[White "Shvayger, Yuliya"]
[Black "Ovechkin, Lilia"]
[Result "1-0"]
[WhiteElo "2350"]
[BlackElo "1680"]
[PlyCount "57"]
[EventDate "2022.12.05"]
[EventType "tourn"]
[EventRounds "9"]
[EventCountry "ISR"]
[SourceTitle "CBM 211 Extra"]
[Source "ChessBase"]
[SourceDate "2023.01.31"]
[SourceVersion "1"]
[SourceVersionDate "2023.01.31"]
[SourceQuality "1"]

1. e4 d6 2. d4 g6 3. Nc3 Bg7 4. Be3 a6 5. h3 b5 6. g4 Nd7 7. Bg2 Bb7 8. Nge2 c5 9. 0-0 b4 10. Nb1 Qc7 11. c3 a5 12. Nd2 e6 13. f4 f5 14. Qb3 c4 15. Qxc4 Qxc4 16. Nxc4 Ba6 17. Nxd6+ Ke7 18. e5 Bxe2 19. Bxa8 Bxf1 20. Kxf1 fxg4 21. hxg4 Nh6 22. Bf3 Rf8 23. Ke2 Nf7 24. Nc4 bxc3 25. bxc3 a4 26. Rb1 Rc8 27. Kd3 Rd8 28. Rb7 Kf8 29. Kc2 1-0

[Event "ISR-ch (Women)"]
[Site "Maalot Tarshiha"]
[Date "2018.12.18"]
[Round "7"]
[White "Ovechkin, Lilia"]
[Black "Orian, Noga"]
[Result "0-1"]
[WhiteElo "1779"]
[BlackElo "1343"]
[PlyCount "92"]
[EventDate "2018.12.12"]
[EventType "swiss"]
[EventRounds "9"]
[EventCountry "ISR"]
[SourceTitle "CBM 187 Extra"]
[Source "ChessBase"]
[SourceDate "2018.11.04"]
[SourceVersion "1"]
[SourceVersionDate "2018.11.04"]
[SourceQuality "1"]

1. d4 d5 2. Bg5 Nf6 3. e3 Bf5 4. Nf3 e6 5. Nbd2 Nbd7 6. c4 dxc4 7. Bxc4 c6 8. e4 Bg4 9. e5 h6 10. exf6 hxg5 11. fxg7 Bxg7 12. Qb3 Nb6 13. 0-0-0 Bh6 14. Rhe1 Nxc4 15. Qxc4 Qd6 16. Re4 Bf5 17. Re5 0-0-0 18. Rde1 g4 19. Ng1 Qxd4 20. Qxd4 Rxd4 21. Rd1 Rhd8 22. Re2 Bd3 23. Re3 Bxe3 24. fxe3 R4d5 25. b4 a5 26. bxa5 Rc5+ 27. Kb2 Bc2 28. Nb3 Bxb3 29. Rxd8+ Kxd8 30. axb3 Re5 31. Ne2 Rxe3 32. Nd4 e5 33. a6 bxa6 34. Nxc6+ Kc7 35. Nb4 Re2+ 36. Kc3 Rxg2 37. Nxa6+ Kb6 38. Nb8 Kc7 39. Na6+ Kd6 40. b4 Rxh2 41. Nc5 Kd5 42. Nd3 Rh3 43. Kd2 Rxd3+ 44. Kxd3 g3 45. Ke3 f5 46. Kf3 f4 0-1

[Event "EU-Cup (Women) 22nd"]
[Site "Antalya"]
[Date "2017.10.12"]
[Round "5.4"]
[White "Sade, Defne"]
[Black "Ovechkin, Lilia"]
[Result "1-0"]
[WhiteElo "1951"]
[BlackElo "1779"]
[PlyCount "49"]
[EventDate "2017.10.08"]
[EventType "team-swiss"]
[EventRounds "7"]
[EventCountry "TUR"]
[SourceTitle "CBM 181 Extra"]
[Source "ChessBase"]
[SourceDate "2017.12.12"]
[SourceVersion "1"]
[SourceVersionDate "2017.12.12"]
[SourceQuality "1"]
[WhiteTeam "Aegean (W)"]
[BlackTeam "Beer Sheva (W)"]
[WhiteTeamCountry "TUR"]
[BlackTeamCountry "ISR"]

1. e4 g6 2. d4 Bg7 3. Nc3 c5 4. Nf3 Nc6 5. d5 Ne5 6. Nxe5 Bxe5 7. f4 Bg7 8. Be2 d6 9. 0-0 Bd7 10. Kh1 a6 11. a4 Qc7 12. Bc4 e6 13. dxe6 Bxe6 14. Bxe6 fxe6 15. f5 Qd7 16. fxe6 Qxe6 17. Qd5 Qxd5 18. Nxd5 0-0-0 19. Bg5 Re8 20. Rf7 h6 21. Bh4 g5 22. Rxg7 gxh4 23. Rf1 Kd8 24. Rff7 Rxe4 25. Rd7+ 1-0

[Event "EU-Cup (Women) 22nd"]
[Site "Antalya"]
[Date "2017.10.08"]
[Round "1.4"]
[White "Hojjatova, Aydan Hikmat Qizi"]
[Black "Ovechkin, Lilia"]
[Result "1-0"]
[WhiteElo "2341"]
[BlackElo "1779"]
[PlyCount "73"]
[EventDate "2017.10.08"]
[EventType "team-swiss"]
[EventRounds "7"]
[EventCountry "TUR"]
[SourceTitle "CBM 181 Extra"]
[Source "ChessBase"]
[SourceDate "2017.12.12"]
[SourceVersion "1"]
[SourceVersionDate "2017.12.12"]
[SourceQuality "1"]
[WhiteTeam "Odlar Yurdu (W)"]
[BlackTeam "Beer Sheva (W)"]
[WhiteTeamCountry "AZE"]
[BlackTeamCountry "ISR"]

1. e4 Nf6 2. e5 Nd5 3. d4 d6 4. Nf3 Nb6 5. Be2 g6 6. 0-0 Bg7 7. exd6 cxd6 8. h3 0-0 9. c4 Nc6 10. Nc3 Bf5 11. Be3 d5 12. c5 Nc4 13. Bc1 h6 14. b3 N4a5 15. Be3 g5 16. Qd2 e6 17. Rad1 a6 18. Nh2 Ne7 19. f4 f6 20. fxg5 hxg5 21. Bh5 Bg6 22. Bf3 Nac6 23. Ne2 Nf5 24. Bf2 Kf7 25. Ng4 Rh8 26. Rde1 Nh4 27. Be3 Nxf3+ 28. Rxf3 Bh5 29. Bxg5 Bxg4 30. hxg4 Qc7 31. Bf4 Qa5 32. Qxa5 Nxa5 33. Bd6 Rh4 34. Nf4 Re8 35. Rfe3 Rxg4 36. Nxe6 Rg8 37. Nf4 1-0

[Event "ISR-ch (Women)"]
[Site "Tiberias"]
[Date "2016.12.09"]
[Round "5"]
[White "Levi, Shoval"]
[Black "Ovechkin, Lilia"]
[Result "0-1"]
[WhiteElo "1688"]
[BlackElo "1857"]
[PlyCount "90"]
[EventDate "2016.12.05"]
[EventType "swiss"]
[EventRounds "9"]
[EventCountry "ISR"]
[SourceTitle "CBM 176 Extra"]
[Source "ChessBase"]
[SourceDate "2017.03.02"]
[SourceVersion "1"]
[SourceVersionDate "2017.03.02"]
[SourceQuality "1"]

1. d4 d5 2. c4 e6 3. Nc3 c6 4. e4 dxe4 5. Nxe4 Bb4+ 6. Bd2 Bxd2+ 7. Qxd2 Nf6 8. Nc3 Qe7 9. Nf3 Nbd7 10. Ne5 Nf8 11. Qg5 Rg8 12. Bd3 h6 13. Qg3 g5 14. h3 Bd7 15. Qf3 0-0-0 16. a3 Be8 17. Qe3 N6d7 18. b4 f6 19. Nf3 Bf7 20. 0-0 f5 21. Bxf5 Qf6 22. Ne4 Qg7 23. Bg4 Nf6 24. Nxf6 Qxf6 25. Ne5 h5 26. Bf3 Nd7 27. Nxf7 Qxf7 28. g4 h4 29. Rfe1 Kb8 30. b5 cxb5 31. Qe4 Nb6 32. cxb5 Rgf8 33. Kg2 Nd5 34. Qe5+ Ka8 35. Qe4 Nf4+ 36. Kh2 Qc7 37. Qe5 Qc3 38. Qe4 Nd5 39. Kg2 Rf4 40. Qe2 Rxf3 41. Qe4 Rdf8 42. Ra2 Nf4+ 43. Kf1 Qc4+ 44. Kg1 Nxh3+ 45. Kg2 Qxa2 0-1

[Event "ISR-ch (Women)"]
[Site "Tiberias"]
[Date "2016.12.08"]
[Round "4"]
[White "Ovechkin, Lilia"]
[Black "Nesterovskaya, Anzhelika"]
[Result "0-1"]
[WhiteElo "1857"]
[BlackElo "2173"]
[PlyCount "50"]
[EventDate "2016.12.05"]
[EventType "swiss"]
[EventRounds "9"]
[EventCountry "ISR"]
[SourceTitle "CBM 176 Extra"]
[Source "ChessBase"]
[SourceDate "2017.03.02"]
[SourceVersion "1"]
[SourceVersionDate "2017.03.02"]
[SourceQuality "1"]

1. d4 e6 2. Bf4 f5 3. Nf3 Nf6 4. e3 Be7 5. Bd3 0-0 6. c4 d6 7. Nc3 Qe8 8. Qe2 Nh5 9. Bg5 Bxg5 10. Nxg5 h6 11. Nf3 c6 12. h3 e5 13. dxe5 dxe5 14. c5 e4 15. Bc4+ Kh8 16. Nd4 Nf6 17. 0-0 Qe5 18. b4 f4 19. f3 a5 20. Nxe4 axb4 21. Nb3 Nd5 22. exf4 Nxf4 23. Qf2 Bxh3 24. Qg3 Be6 25. Ned2 Ne2+ 0-1

[Event "ISR-ch (Women)"]
[Site "Tiberias"]
[Date "2016.12.05"]
[Round "1"]
[White "Lahav, Michal"]
[Black "Ovechkin, Lilia"]
[Result "1-0"]
[WhiteElo "2178"]
[BlackElo "1857"]
[PlyCount "153"]
[EventDate "2016.12.05"]
[EventType "swiss"]
[EventRounds "9"]
[EventCountry "ISR"]
[SourceTitle "CBM 176 Extra"]
[Source "ChessBase"]
[SourceDate "2017.03.02"]
[SourceVersion "1"]
[SourceVersionDate "2017.03.02"]
[SourceQuality "1"]

1. e4 d5 2. exd5 Qxd5 3. Nf3 Bg4 4. Be2 Nc6 5. Nc3 Qd7 6. d3 e5 7. Be3 Nf6 8. a3 Bd6 9. Nd2 Bxe2 10. Qxe2 0-0 11. Nde4 Ng4 12. Bd2 Nd4 13. Qd1 f5 14. Ng5 e4 15. h3 exd3 16. hxg4 dxc2 17. Qc1 Nb3 18. Qxc2 Nxa1 19. Qb1 h6 20. Qa2+ Kh8 21. Qxa1 fxg4 22. Qb1 Qf5 23. Qxf5 Rxf5 24. Nge4 Bf4 25. Bxf4 Rxf4 26. Ke2 Re8 27. Ke3 Rf7 28. Rh4 g3 29. f3 Re6 30. Kd2 Rg6 31. Ne2 Rd7+ 32. Kc2 Rc6+ 33. N2c3 Kg8 34. Rg4 Kf7 35. Rf4+ Ke6 36. Nxg3 Rcd6 37. Nge4 Rc6 38. Rg4 g5 39. Rg3 Kf5 40. Rh3 b6 41. Kb1 a6 42. Rh1 Rg6 43. Nf2 Rd2 44. Nce4 Rd4 45. Ng3+ Ke6 46. Re1+ Kd7 47. Ng4 Rgd6 48. Re2 Rd2 49. Rxd2 Rxd2 50. Nxh6 Rxg2 51. Ne4 Ke6 52. Ng4 Rg1+ 53. Kc2 Kf5 54. Ngf2 Rg2 55. Kd3 Rg1 56. Ng4 Rd1+ 57. Ke2 Rb1 58. Ne3+ Ke5 59. Nd1 g4 60. fxg4 Rxd1 61. Kxd1 Kxe4 62. Kd2 Kf4 63. Kd3 Kxg4 64. Ke4 c6 65. Ke5 Kf3 66. Kd6 c5 67. Kc6 Ke4 68. Kxb6 Kd4 69. Kxa6 c4 70. Kb5 c3 71. bxc3+ Kd5 72. c4+ Kd6 73. Kb6 Kd7 74. c5 Kc8 75. Kc6 Kb8 76. Kd7 Ka8 77. c6 1-0